Nuṣūṣ mukhtārah min marājiʻ al-tārīkh al-Islāmī, (Record no. 46632)

MARC details
000 -LEADER
fixed length control field 00686cam a22001931 4500
001 - CONTROL NUMBER
control field ne 64000216
003 - CONTROL NUMBER IDENTIFIER
control field DLC
005 - DATE AND TIME OF LATEST TRANSACTION
control field 20260227111755.0
008 - FIXED-LENGTH DATA ELEMENTS--GENERAL INFORMATION
fixed length control field 820702m19639999ua 000 0 ararc
010 ## - LIBRARY OF CONGRESS CONTROL NUMBER
LC control number ne 64000216
035 ## - SYSTEM CONTROL NUMBER
System control number (OCoLC)8570903
040 ## - CATALOGING SOURCE
Original cataloging agency Princeton Univ. Libr.
Transcribing agency TU
Modifying agency TU
-- DLC
050 00 - LIBRARY OF CONGRESS CALL NUMBER
Classification number BP53
Item number .S8
100 1# - MAIN ENTRY--PERSONAL NAME
Personal name Surūr, Muḥammad Jamāl al-Dīn,
Relator term ed.
245 10 - TITLE STATEMENT
Title Nuṣūṣ mukhtārah min marājiʻ al-tārīkh al-Islāmī,
Statement of responsibility, etc. Ikhtiyār Muḥammad Jamāl al-Dīn Surūr [wa] Ḥasan Aḥmad Maḥmūd [wa] Aḥmad Sayyid Darrāj.
260 ## - PUBLICATION, DISTRIBUTION, ETC.
Place of publication, distribution, etc. [al-Qāhirah]
Name of publisher, distributor, etc. Maktabat al-Anjlū al-Miṣrīyah,
Date of publication, distribution, etc. [1963-]
300 ## - PHYSICAL DESCRIPTION
Extent v.
Dimensions 24 cm.
650 #0 - SUBJECT ADDED ENTRY--TOPICAL TERM
Topical term or geographic name entry element Islam
General subdivision History.

No items available.

Powered by Koha